000 00312nam a22001337a 4500
008 181218b xxu||||| |||| 00| 0 eng d
020 _a9780716786368
041 _aeng
080 _26th
_a311
100 _a54
101 _aSTA
245 _aStatistics Concepts and Controversies
_cMoore,D.S
942 _2udc
_cBK
999 _c53480
_d53480